| 000 | 00903cam a2200241 i 4500 | ||
|---|---|---|---|
| 999 |
_c12888 _d12888 |
||
| 003 | OSt | ||
| 005 | 20240801172951.0 | ||
| 008 | 220628s2022 enka 001 0 eng | ||
| 020 |
_a9781782219101 _q(paperback) |
||
| 042 | _apcc | ||
| 082 | 0 | 4 |
_a751.422 _223 |
| 100 | 1 |
_aPalmer, Matthew _c(Artist), _eartist, _eauthor. |
|
| 245 | 1 | 0 |
_aWatercolour landscapes for the absolute beginner / _cMatthew Palmer |
| 246 | 3 | _aWatercolor landscapes for the absolute beginner | |
| 300 |
_a176 pages : _billustrations (chiefly color) ; _c28 cm. |
||
| 490 | 0 | _aAbsolute beginner | |
| 500 | _aIncludes index | ||
| 500 | _a"Full size outlines included"--Cover. | ||
| 500 | _a"Includes material previously published in 2018 as: Matthew Palmer's step-by-step guide to watercolour painting"--Title page verso. | ||
| 650 | 0 |
_aWatercolor painting _xTechnique. |
|
| 650 | 0 |
_aLandscape painting _xTechnique. |
|
| 942 | _2ddc | ||